| 000 | 00464nam a22001817a 4500 | ||
|---|---|---|---|
| 005 | 20230905190838.0 | ||
| 008 | 230720b |||||||| |||| 00| 0 eng d | ||
| 020 | _a9781552975763 | ||
| 082 |
_a646.724 _bWOR-T |
||
| 100 | _aWorthington, Charles | ||
| 245 | _aThe complete book of hairstyling | ||
| 260 |
_aNew York _bFirefly Books _c2009 |
||
| 300 | _a304 | ||
| 500 | _ainclude index | ||
| 650 | _aArchitecture | ||
| 700 | _aCharles Worthington | ||
| 999 |
_c33096 _d33096 |
||